Carbon Quiz - Statistics

General Stats
  • This quiz has been taken 9 times
  • The average score is 6 of 8
Answer Stats
Hint Answer % Correct
Atomic Symbol C
100%
Atomic Mass (Rounded to nearest whole number) 12
88%
What fraction of your body is carbon 1/5
88%
Number of Valance Electrons 4
88%
Atomic # 6
88%
Solid Liquid or Gas at 273K Solid
75%
Group of Family 14
50%
Carbon's Electron Configuration (exponents are just numbers) 1s22s2s2p2
13%
No matching quizzes found
Score Distribution
Percent of People with Each Score
Percentile by Number Answered
Your Score History
You have not taken this quiz